000 00401nam a2200169Ia 4500
001 30258
003 IN-NITTTR
005 20251114233409.0
008 251113s9999||||xx |||||||||||||| ||eng||
040 _beng
040 _cIN-NITTTR
041 _aeng
082 _a614.5999449 A11E
100 _aAshima,
245 0 _aEnhancement and detection of masses in mammograms /
_cAshima
942 _2ddc
_cBK
999 _c32886
_d32886